00485nam a2200145Ia 4500008004100000020001800041100002200059245005000081260001700131500002400148650003500172942000700207952010800214999001700322230524s9999 xx 000 0 und d a9788122308600 aAlan Cohen936627 0a365 Recipes That will make you Think Positive bPustak Mahal aQuantity Number: 1 aPersonality Development936628 cBK 00104070aTATCLbTATCLcGENd2023-05-24l1p44976q2015-09-30r2024-01-31s2024-01-31w2023-05-24yBK c50672d50672